Playing with shadows /

Bibliographic Details
Main Author: Whelan, Gloria
Format: Book
Language:English
Published: Urbana : University of Illinois Press, [1988]
Series:Illinois short fiction.

MARC

Tag First Indicator Second Indicator Subfields
LEADER 00000cam a2200000 a 4500
001 in00000029153
005 20151007060111.0
008 871207s1988 ilu s00011 eng
010 |a  87035690  
020 |a 025201524X (alk. paper) 
035 |a (OCoLC)17263903 
035 |9 AAC0073AM 
040 |a DLC  |c DLC  |d TXA  |d UtOrBLW 
049 |a TXAM  |c [A11688779] 
050 0 0 |a PS3573.H442  |b P53 1988 
082 0 |a 813/.54  |2 19 
100 1 |a Whelan, Gloria. 
245 1 0 |a Playing with shadows /  |c Gloria Whelan. 
264 1 |a Urbana :  |b University of Illinois Press,  |c [1988] 
264 4 |c ©1988 
300 |a 147 pages ;  |c 22 cm. 
336 |a text  |b txt  |2 rdacontent 
337 |a unmediated  |b n  |2 rdamedia 
338 |a volume  |b nc  |2 rdacarrier 
490 1 |a Illinois short fiction 
830 0 |a Illinois short fiction. 
999 |a MARS 
999 f f |s f811a1e9-49d0-3707-b947-24bcb50041ef  |i 08d5f5ec-cf4a-30b6-8fb6-27437d6432a7  |t 0 
952 f f |p ric  |a Texas A&M University  |b Rellis Campus  |c Joint Library Facility  |d Remote Storage  |t 0  |e PS3573.H442 P53 1988  |h Library of Congress classification  |i unmediated -- volume  |m A14811688779 
998 f f |a PS3573.H442 P53 1988  |t 0  |l Remote Storage